|
|
|
|
| LEADER |
00000nam a2200000 a 4500 |
| 005 |
2012022902262.0 |
| 007 |
cr ||||||||||| |
| 008 |
110225s2009 sp s 00| 0 spa c |
| 020 |
|
|
|a 9788498493849
|
| 035 |
|
|
|a 4802
|
| 040 |
|
|
|d vLex
|
| 090 |
|
|
|c 3051
|d 3051
|
| 245 |
0 |
3 |
|a La Igualdad en los derechos
|h [Recurso electrn̤ico] :
|b claves de la integracin̤ /
|c Javier de Lucas Martn̕ y ℓngeles Solanes Corella (editores)
|
| 256 |
|
|
|a Servicio en ln̕ea
|
| 260 |
|
|
|a Madrid :
|b Dykinson,
|c 2009
|
| 300 |
|
|
|a 1 recurso electrn̤ico (544 p.)
|
| 506 |
1 |
|
|a Contenido solo disponible en los productos indicados
|d vLex Global
|d vLex Global (Academic Edition, excluding Law Schools)
|d vLex Global (U.S. Academic Edition, Law Schools)
|d vLex Global (U.S. Academic Edition, excluding Law Schools)
|d vLex Global (Academic Edition, Law Schools)
|
| 650 |
0 |
4 |
|a Integracin̤ social
|z Espaą
|
| 650 |
0 |
4 |
|a Inmigrantes
|z Espaą
|
| 651 |
0 |
4 |
|a Espaą.
|x Emigracin̤ e inmigracin̤
|
| 700 |
1 |
|
|a Lucas, Javier de
|e ed.
|
| 700 |
1 |
|
|a Solanes Corella, ℓngeles
|e ed.
|
| 740 |
1 |
|
|a vLex Libros (Servicio en ln̕ea)
|
| 856 |
4 |
0 |
|z Acceso restringido
|u http://vlex.com/source/igualdad-derechos-claves-integracion-4802
|
| 942 |
|
|
|c BOOK
|